000 00408nam a2200157Ia 4500
003 0STCL
008 150530s9999 xx 000 0 und d
040 _aSTCL
_cSTCL
100 _aNizami, T.A.
245 _aMuslim political thought and activity in India during the first half of the 19 th century
260 _c1969
546 _aEnglish
942 _2ddc
_cBK
999 _c71242
_d71242
005 20220125171450.0